[Event "Foment Martinenc op-C 23rd"]
[Site "Barcelona"]
[Date "2023.05.27"]
[Round "6"]
[White "Vilarasau Garrido, Joan"]
[Black "Olle Castillo, Salomon"]
[Result "1-0"]
[WhiteElo "1072"]
[BlackElo "1511"]
[PlyCount "39"]
[EventDate "2023.04.22"]
[EventType "swiss"]
[EventRounds "9"]
[EventCountry "ESP"]
[SourceTitle "EXT 2024"]
[Source "ChessBase"]
[SourceDate "2023.10.10"]
[SourceVersion "1"]
[SourceVersionDate "2023.10.10"]
[SourceQuality "1"]

1. e4 e5 2. Nf3 Nc6 3. d4 exd4 4. Bc4 Nf6 5. e5 Ng4 6. 0-0 Bb4 7. c3 dxc3 8. bxc3 Ngxe5 9. Re1 Bd6 10. Ng5 0-0 11. Bf4 Nxc4 12. Qd3 g6 13. Qxc4 Bxf4 14. Qxf4 d6 15. Nd2 Bf5 16. Re3 h6 17. Nge4 Re8 18. Qxh6 Ne5 19. Ng5 Ng4 20. Qh7+ 1-0